[Event "2007. Central Serbia champions"]
[Site "Vrnjacka Banja"]
[Date "2007.12.13"]
[Round "5.1"]
[White "Zivkovic, Ivan B"]
[Black "Pikula, Dejan"]
[Result "0-1"]
[WhiteElo "2222"]
[BlackElo "2494"]
[PlyCount "48"]
[EventDate "2007.12.10"]

1. e4 c5 2. Nf3 e6 3. d4 cxd4 4. Nxd4 a6 5. Bd3 Nf6 6. O-O d6 7. c4 b6 8. Nc3
Bb7 9. Qe2 Nbd7 10. f4 g6 11. Bd2 Bg7 12. f5 Qe7 13. Rae1 O-O 14. Nf3 Rae8 15.
fxg6 fxg6 16. e5 Bxf3 17. exd6 Bxe2 18. dxe7 Bxd3 19. exf8=Q+ Bxf8 20. Rf3 Bxc4
21. b3 Bd5 22. Nxd5 Nxd5 23. g3 e5 24. Kg2 e4 0-1

[Event "2007. Central Serbia champions"]
[Site "Vrnjacka Banja"]
[Date "2007.12.13"]
[Round "5.2"]
[White "Drazic, Sinisa"]
[Black "Arsovic, Zoran"]
[Result "0-1"]
[WhiteElo "2493"]
[BlackElo "2459"]
[PlyCount "106"]
[EventDate "2007.12.10"]

1. d4 Nf6 2. Nc3 d5 3. Bg5 Nbd7 4. e3 g6 5. Nf3 c6 6. Bd3 Qb6 7. a3 Bg7 8. h3
e5 9. Bxf6 Bxf6 10. Be2 O-O 11. b4 a5 12. Rb1 axb4 13. axb4 Ra3 14. Qd2 Re8 15.
h4 exd4 16. exd4 Nf8 17. Nd1 Bg4 18. c3 Qd8 19. Qb2 Ra8 20. Ne3 Bxf3 21. Bxf3
Bxh4 22. O-O Bg5 23. Nc2 b5 24. Ra1 Nd7 25. Rxa8 Qxa8 26. Na1 Nb6 27. Nb3 Nc4
28. Qc2 Qd8 29. Ra1 Qf6 30. Be2 Nd2 31. Bd3 Nxb3 32. Qxb3 Bf4 33. Qc2 Qh4 34.
g3 Bxg3 35. fxg3 Qxg3+ 36. Kh1 Qh3+ 37. Kg1 Qg3+ 38. Kh1 Re3 39. Bf1 Re4 40.
Qh2 Rh4 41. Qxh4 Qxh4+ 42. Kg2 Qe4+ 43. Kf2 Qc2+ 44. Be2 Qxc3 45. Rd1 Qxb4 46.
Ke3 Qe7+ 47. Kf2 Kg7 48. Bd3 Qh4+ 49. Ke3 Qg3+ 50. Kd2 Qf4+ 51. Kc3 b4+ 52.
Kxb4 Qxd4+ 53. Kb3 Qxd3+ 0-1

[Event "2007. Central Serbia champions"]
[Site "Vrnjacka Banja"]
[Date "2007.12.13"]
[Round "5.3"]
[White "Todorovic, Goran M"]
[Black "Tosic, Miroslav"]
[Result "1/2-1/2"]
[WhiteElo "2470"]
[BlackElo "2422"]
[PlyCount "20"]
[EventDate "2007.12.10"]

1. e4 e5 2. Nf3 Nc6 3. Bb5 a6 4. Ba4 Nf6 5. O-O Nxe4 6. d4 b5 7. Bb3 d5 8. dxe5
Be6 9. Nbd2 Be7 10. c3 Nc5 1/2-1/2

[Event "2007. Central Serbia champions"]
[Site "Vrnjacka Banja"]
[Date "2007.12.13"]
[Round "5.4"]
[White "Kostic, Vladimir G"]
[Black "Savic, Miodrag R"]
[Result "1/2-1/2"]
[WhiteElo "2402"]
[BlackElo "2539"]
[PlyCount "22"]
[EventDate "2007.12.10"]

1. d4 Nf6 2. c4 e6 3. Nc3 Bb4 4. e3 d5 5. Bd3 dxc4 6. Bxc4 c5 7. Nf3 a6 8. a3
Bxc3+ 9. bxc3 Qa5 10. Bd2 Ne4 11. O-O Nxd2 1/2-1/2

[Event "2007. Central Serbia champions"]
[Site "Vrnjacka Banja"]
[Date "2007.12.13"]
[Round "5.5"]
[White "Bozic, Milan"]
[Black "Cabrilo, Goran"]
[Result "1/2-1/2"]
[WhiteElo "2435"]
[BlackElo "2497"]
[Annotator ",compaq"]
[PlyCount "82"]
[EventDate "2007.12.10"]

1. Nf3 Nf6 2. d4 e6 3. Bf4 c5 4. e3 b6 5. Nc3 cxd4 6. Nb5 Nd5 7. Nd6+ Bxd6 8.
Bxd6 dxe3 9. c4 exf2+ 10. Kxf2 Nf6 11. Bd3 Bb7 12. Rf1 Nc6 13. Kg1 Ne7 14. Ng5
Qc8 15. Qe2 Qc6 16. Bb4 Ng6 17. Rxf6 gxf6 18. Ne4 Nf4 19. Qf3 e5 20. Nxf6+ Qxf6
21. Qxb7 Qc6 22. Be4 Qxb7 23. Bxb7 Rb8 24. Ba6 f6 25. Bd6 Kf7 26. Bxb8 Rxb8 27.
b4 Ke7 28. Rd1 d6 29. Kf2 f5 30. Bb5 Rc8 31. Ba6 Rc7 32. a4 e4 33. Rb1 Kf6 34.
g3 Nd3+ 35. Ke3 Ke5 36. c5 dxc5 37. Bxd3 exd3 38. Kxd3 Rd7+ 39. Ke3 cxb4 40.
Rxb4 Kf6 41. Rc4 Kg6 {...} 1/2-1/2

[Event "2007. Central Serbia champions"]
[Site "Vrnjacka Banja"]
[Date "2007.12.13"]
[Round "5.6"]
[White "Vratonjic, Slobo"]
[Black "Savic, Dragan"]
[Result "1-0"]
[WhiteElo "2453"]
[BlackElo "2229"]
[PlyCount "75"]
[EventDate "2007.12.10"]

1. e4 e6 2. d4 d5 3. Nc3 Bb4 4. e5 c5 5. a3 Bxc3+ 6. bxc3 Qa5 7. Bd2 Nc6 8. Qg4
g6 9. a4 f6 10. Nf3 Qc7 11. Bb5 Qg7 12. O-O Nge7 13. Qh4 Nf5 14. Qxf6 Qxf6 15.
exf6 cxd4 16. cxd4 O-O 17. Bxc6 bxc6 18. g4 Nd6 19. g5 Nf7 20. Bf4 Re8 21. Be5
Ba6 22. Rfe1 Rac8 23. Ra3 c5 24. Rae3 cxd4 25. Bxd4 Rc6 26. Bxa7 Bc8 27. c3 Ra6
28. Bd4 Rxa4 29. h4 Rc4 30. Nd2 Ra4 31. f4 Ra6 32. Nf3 Rc6 33. f5 Ra6 34. h5
Nh8 35. fxg6 hxg6 36. Ne5 gxh5 37. g6 Nxg6 38. f7+ 1-0

[Event "2007. Central Serbia champions"]
[Site "Vrnjacka Banja"]
[Date "2007.12.13"]
[Round "5.7"]
[White "Lajthajm, Borko"]
[Black "Spiric, Igor"]
[Result "1-0"]
[WhiteElo "2512"]
[BlackElo "2278"]
[PlyCount "53"]
[EventDate "2007.12.10"]

1. e4 e6 2. d4 b6 3. Bd3 Bb7 4. Nf3 c5 5. c3 Nf6 6. Nbd2 Be7 7. O-O Ba6 8. Bxa6
Nxa6 9. e5 Nd5 10. c4 Ndb4 11. d5 exd5 12. a3 d4 13. axb4 Nxb4 14. Ne4 O-O 15.
Bd2 Nc6 16. Qc2 h6 17. Bf4 f5 18. Ng3 Nb4 19. Qb1 Bg5 20. Bxg5 hxg5 21. Nxf5 g4
22. N3h4 d3 23. Qd1 Qg5 24. f4 Qh5 25. Ne7+ Kf7 26. Neg6 Rfd8 27. h3 1-0

[Event "2007. Central Serbia champions"]
[Site "Vrnjacka Banja"]
[Date "2007.12.13"]
[Round "5.8"]
[White "Pantelic, Sasa"]
[Black "Abramovic, Bosko"]
[Result "1/2-1/2"]
[WhiteElo "2237"]
[BlackElo "2508"]
[PlyCount "95"]
[EventDate "2007.12.10"]

1. d4 d5 2. c4 e6 3. Nc3 Nf6 4. Nf3 Be7 5. e3 O-O 6. Bd3 c5 7. O-O Nc6 8. b3 b6
9. cxd5 exd5 10. Ne5 Bb7 11. Bb5 Rc8 12. Bxc6 Bxc6 13. Nxc6 Rxc6 14. dxc5 Bxc5
15. Bb2 d4 16. exd4 Bxd4 17. Qf3 Qa8 18. Nd5 Nxd5 19. Bxd4 Nc7 20. Rfd1 Ne6 21.
Be3 Rc2 22. Qxa8 Rxa8 23. a4 Rb2 24. Rab1 Rxb1 25. Rxb1 f5 26. g3 g5 27. f3 Rc8
28. a5 bxa5 29. Bxa7 Rc3 30. Bb6 Rxf3 31. Bxa5 Nd4 32. b4 Nb5 33. Rf1 Rxf1+ 34.
Kxf1 Kf7 35. Ke2 Ke6 36. Kd3 Kd5 37. Bb6 g4 38. Ke3 Nc3 39. Kf4 Ke6 40. Bc5 h6
41. Ke3 Ne4 42. Bd4 Ng5 43. b5 Kd6 44. b6 Kc6 45. Kf4 Nf3 46. Kxf5 h5 47. Bf2
Nxh2 48. Kg5 1/2-1/2

[Event "2007. Central Serbia champions"]
[Site "Vrnjacka Banja"]
[Date "2007.12.13"]
[Round "5.9"]
[White "Misailovic, Nebojsa"]
[Black "Radovanovic, Slavko"]
[Result "0-1"]
[WhiteElo "2318"]
[BlackElo "2200"]
[PlyCount "94"]
[EventDate "2007.12.10"]

1. e4 e5 2. Bc4 Nf6 3. Nc3 d6 4. d3 c6 5. f4 Be7 6. Nf3 Ng4 7. Qe2 exf4 8. Bxf4
Bf6 9. d4 b5 10. Bd3 b4 11. Nd1 Bh4+ 12. g3 Be7 13. h3 Nf6 14. g4 O-O 15. Ne3
Re8 16. O-O-O Qa5 17. Kb1 Be6 18. b3 d5 19. e5 Ne4 20. Bxe4 dxe4 21. Nd2 Bd5
22. Nec4 Qb5 23. Nxe4 Nd7 24. Rhe1 Bxe4 25. Qxe4 Nb6 26. Qd3 Nd5 27. Bd2 Qb8
28. Rf1 a5 29. Rxf7 Kxf7 30. Qxh7 Rf8 31. Rf1+ Ke8 32. Rxf8+ Bxf8 33. Qg6+ Kd7
34. Qf7+ Be7 35. e6+ Kc8 36. Ne5 Kb7 37. Ng6 Qg8 38. Qf5 Rf8 39. Qe5 Rf1+ 40.
Kb2 Qd8 41. Qe2 Rh1 42. Qg2 Rd1 43. Ne5 Bf6 44. Nf3 Nc3 45. Bc1 Bxd4 46. e7
Ne2+ 47. c3 Bxc3+ 0-1

[Event "2007. Central Serbia champions"]
[Site "Vrnjacka Banja"]
[Date "2007.12.13"]
[Round "5.10"]
[White "Boskovic, Zlatomir"]
[Black "Nikolic, Stanimir"]
[Result "0-1"]
[WhiteElo "2207"]
[BlackElo "2297"]
[PlyCount "65"]
[EventDate "2007.12.10"]

1. d4 d5 2. c4 dxc4 3. e3 e6 4. Bxc4 a6 5. a4 c5 6. Nf3 Nf6 7. Nc3 cxd4 8. exd4
Bb4 9. O-O O-O 10. Bg5 Nbd7 11. Rc1 Qa5 12. Bb3 b6 13. Re1 Bb7 14. Ne5 Rac8 15.
Re3 Rc7 16. Bxf6 Nxf6 17. Nc4 Qf5 18. Bc2 Qf4 19. Ne2 Qg5 20. Rg3 Qh5 21. Rh3
Qd5 22. Ne3 Qd6 23. d5 exd5 24. Qd4 Bc8 25. Rf3 Bc5 26. Rxf6 Qxf6 27. Qxf6 gxf6
28. Nxd5 Ra7 29. Nxf6+ Kg7 30. Nxh7 Rd8 31. Ng5 Rd2 32. Kf1 Rad7 33. b4 0-1

[Event "2007. Central Serbia champions"]
[Site "Vrnjacka Banja"]
[Date "2007.12.13"]
[Round "5.11"]
[White "Biljanic, Ljubomir"]
[Black "Ilic, Slobodan S"]
[Result "1-0"]
[WhiteElo "2291"]
[BlackElo "2166"]
[PlyCount "101"]
[EventDate "2007.12.10"]

1. d4 Nf6 2. c4 e6 3. Nf3 d5 4. Nc3 Be7 5. Bg5 O-O 6. e3 h6 7. Bh4 b6 8. cxd5
Nxd5 9. Bxe7 Qxe7 10. Nxd5 exd5 11. Rc1 Be6 12. Be2 c5 13. O-O Rc8 14. Bd3 Nd7
15. Bb1 Nf6 16. Ne5 a5 17. a4 Rab8 18. b3 b5 19. dxc5 bxa4 20. bxa4 Rb4 21. Bd3
Nd7 22. Nf3 Rxc5 23. Bb5 Rxc1 24. Qxc1 Nc5 25. Qc2 Nb3 26. Ne5 Qc5 27. Qd1 Qc3
28. Nc6 Re4 29. Ne7+ Kf8 30. Nxd5 Qd2 31. Qxd2 Nxd2 32. Nc3 Rb4 33. Rd1 Rb2 34.
f3 Ke7 35. h3 f6 36. h4 Bf7 37. Rc1 Nb3 38. Re1 Be6 39. Kh2 Nd2 40. Kg3 Bc4 41.
Rc1 Bxb5 42. Nxb5 Rb4 43. Rc7+ Kf8 44. Nc3 Nc4 45. e4 Nb2 46. Ra7 Rc4 47. Nd5
Rxa4 48. Nf4 g5 49. Ne6+ Ke8 50. hxg5 hxg5 51. Kg4 1-0

[Event "2007. Central Serbia champions"]
[Site "Vrnjacka Banja"]
[Date "2007.12.13"]
[Round "5.12"]
[White "Antic, Dragan"]
[Black "Djosic, Slavoljub"]
[Result "1/2-1/2"]
[WhiteElo "2158"]
[BlackElo "2280"]
[PlyCount "110"]
[EventDate "2007.12.10"]

1. e4 e5 2. Nf3 Nc6 3. d4 exd4 4. Nxd4 Bc5 5. Be3 Qf6 6. c3 Nge7 7. g3 d6 8.
Bg2 h5 9. h4 Bg4 10. Qa4 Bd7 11. Qc4 Ne5 12. Qe2 Qg6 13. Nd2 O-O-O 14. O-O-O
Bg4 15. f3 Bd7 16. Bh3 Bxh3 17. Rxh3 Rhe8 18. N2b3 Bb6 19. Nb5 Kb8 20. Bd4 N7c6
21. Bxb6 axb6 22. N5d4 Ne7 23. Qe3 d5 24. Qf4 f6 25. Rhh1 dxe4 26. fxe4 N7c6
27. Rhe1 Qg4 28. Nxc6+ bxc6 29. Qxg4 hxg4 30. Rxd8+ Rxd8 31. Rd1 Rd3 32. Rxd3
Nxd3+ 33. Kc2 Nf2 34. Nd2 Kc8 35. a4 c5 36. b4 c4 37. Nxc4 Nxe4 38. Ne3 Nxg3
39. Nxg4 f5 40. Ne5 f4 41. Kd3 Nf5 42. Ke4 Nxh4 43. Kxf4 Ng2+ 44. Ke4 Kb7 45.
Ng6 Ne1 46. Ke3 Nc2+ 47. Kd3 Na3 48. c4 c6 49. Ne5 b5 50. cxb5 cxb5 51. a5 g5
52. Kd4 Ka6 53. Nd3 Nc4 54. Ne5 Nxa5 55. bxa5 Kxa5 1/2-1/2

[Event "2007. Central Serbia champions"]
[Site "Vrnjacka Banja"]
[Date "2007.12.13"]
[Round "5.13"]
[White "Stojanovic, Zlatko"]
[Black "Arsovic, Goran"]
[Result "0-1"]
[WhiteElo "2245"]
[BlackElo "2478"]
[PlyCount "86"]
[EventDate "2007.12.10"]

1. e4 c5 2. Nf3 d6 3. d4 cxd4 4. Qxd4 a6 5. Be3 Nc6 6. Qc3 Nf6 7. Nbd2 e6 8.
Nd4 Bd7 9. Bd3 Be7 10. O-O O-O 11. h3 Rc8 12. Nxc6 Bxc6 13. Qb3 d5 14. f3 b5
15. e5 Nd7 16. f4 Nc5 17. Bxc5 Bxc5+ 18. Kh2 g6 19. Rae1 Qb6 20. c3 Be3 21. Re2
d4 22. c4 Qa5 23. cxb5 axb5 24. Ne4 Bxe4 25. Bxe4 Rc5 26. h4 Qc7 27. Kh3 h5 28.
g3 Kg7 29. Bd3 Qc6 30. a3 Rc8 31. Ree1 Qd7 32. Rd1 R8c7 33. Be4 Qc8 34. Rde1
Qa6 35. Re2 Qa5 36. g4 hxg4+ 37. Kxg4 Rc1 38. Rf3 Rg1+ 39. Rg3 Rxg3+ 40. Kxg3
Rc1 41. h5 Rg1+ 42. Kh2 Rg4 43. hxg6 Qd8 0-1

[Event "2007. Central Serbia champions"]
[Site "Vrnjacka Banja"]
[Date "2007.12.13"]
[Round "5.14"]
[White "Kojovic, Dragan"]
[Black "Colovic, Zoran"]
[Result "0-1"]
[WhiteElo "2413"]
[BlackElo "2234"]
[PlyCount "170"]
[EventDate "2007.12.10"]

1. e4 c5 2. Nf3 Nc6 3. d4 cxd4 4. Nxd4 Nf6 5. Nc3 e5 6. Ndb5 d6 7. Nd5 Nxd5 8.
exd5 Ne7 9. c4 Nf5 10. Bd3 Be7 11. Qa4 O-O 12. Qa3 a6 13. O-O Bd7 14. Nc3 g6
15. Kh1 Rc8 16. f4 Re8 17. Bd2 Qb6 18. b4 exf4 19. Bxf4 Bf6 20. Rad1 Bg7 21.
Ne4 Rxe4 22. Bxe4 Rxc4 23. Bxf5 Bxf5 24. Qg3 Rc3 25. Qe1 Rc4 26. Qe8+ Bf8 27.
Rde1 Rc8 28. Bh6 Qb5 29. Qxb5 axb5 30. Bxf8 Kxf8 31. Rc1 Ra8 32. Rf2 Be4 33.
Rd2 Ra4 34. Kg1 Rxb4 35. Rc7 Rc4 36. Rxb7 Rc5 37. Rd7 Bxd5 38. Rxd6 Bc4 39. Rc2
Re5 40. Kf2 Ke7 41. Rb6 Kd7 42. Ra6 Re4 43. Kf3 Rd4 44. Ke3 Rd3+ 45. Kf2 h5 46.
Rb2 Ke7 47. Rc2 Rd4 48. Ra3 h4 49. Ke3 Rd5 50. Ra5 Ke6 51. Ra8 Rd3+ 52. Kf2 g5
53. Re8+ Kf5 54. Re3 Rd1 55. Re1 Rd4 56. Kg1 g4 57. Rf2+ Kg6 58. Rb2 f5 59. Kf2
Rf4+ 60. Ke3 Kg5 61. Kd2 g3 62. hxg3 hxg3 63. Re3 Rf2+ 64. Kc3 f4 65. Re7 Kf6
66. Re8 Rxb2 67. Kxb2 f3 68. Re3 Be2 69. gxf3 g2 70. Rxe2 g1=Q 71. Rd2 Ke5 72.
Rd3 Qf1 73. Rb3 Kd4 74. f4 Kc5 75. Rc3+ Kb6 76. Rb3 Qf2+ 77. Kb1 Qxf4 78. Kb2
Qd2+ 79. Kb1 Ka5 80. Rg3 Kb4 81. Rb3+ Ka4 82. Rh3 Qe1+ 83. Kb2 Qe2+ 84. Kc3
Qxa2 85. Rh4+ Ka5 0-1

[Event "2007. Central Serbia champions"]
[Site "Vrnjacka Banja"]
[Date "2007.12.13"]
[Round "5.15"]
[White "Maksimovic, Branimir"]
[Black "Simic, Milan"]
[Result "1-0"]
[WhiteElo "2367"]
[BlackElo "2140"]
[PlyCount "48"]
[EventDate "2007.12.10"]

1. d4 f5 2. g3 Nf6 3. Bg2 g6 4. Nd2 Bg7 5. c3 d5 6. Nh3 O-O 7. Nf4 Kh8 8. Nf3
Ne4 9. h4 e6 10. Nd3 b6 11. Bg5 Bf6 12. Bh6 Rg8 13. Bf4 c5 14. Nfe5 Qe7 15. f3
Bxe5 16. Bxe5+ Nf6 17. dxc5 bxc5 18. Nxc5 Nc6 19. Nd3 Nxe5 20. Nxe5 g5 21. h5
Ba6 22. Qd4 Bb5 23. Ng6+ Rxg6 24. hxg6 h5 1-0

[Event "2007. Central Serbia champions"]
[Site "Vrnjacka Banja"]
[Date "2007.12.13"]
[Round "5.16"]
[White "Chelushkina, Irina"]
[Black "Jovanovic, Miroslav V"]
[Result "1-0"]
[WhiteElo "2351"]
[BlackElo "2052"]
[Annotator ",compaq"]
[PlyCount "86"]
[EventDate "2007.12.10"]

1. g3 e5 2. c4 g6 3. Bg2 Bg7 4. Nc3 c6 5. e4 d6 6. Nge2 Be6 7. d3 Qd7 8. h3 Ne7
9. a4 a5 10. Nd5 cxd5 11. cxd5 Bxd5 12. exd5 Na6 13. O-O O-O 14. d4 Nc7 15.
dxe5 Bxe5 16. Bh6 Rfb8 17. Bf4 Bxb2 18. Rb1 Bg7 19. Rb6 Nc8 20. Rb1 b5 21. Nd4
bxa4 22. Rxb8 Rxb8 23. Nc6 Rb5 24. Re1 a3 25. Qa4 Bb2 26. Bh6 f5 27. Bf1 Nb6
28. Qh4 Rxd5 29. Ne7+ Kf7 30. Nxd5 Ncxd5 31. Be3 Nc4 32. Qxc4 Qb7 33. Rd1 Ke6
34. h4 Be5 35. Kh2 a4 36. Qxa4 Nc3 37. Qe8+ Qe7 38. Qg8+ Qf7 39. Rxd6+ Bxd6 40.
Qc8+ Qd7 41. Qxc3 Qa4 42. Qc8+ Kd5 43. Qg8+ Kc6 {...} 1-0

[Event "2007. Central Serbia champions"]
[Site "Vrnjacka Banja"]
[Date "2007.12.13"]
[Round "5.17"]
[White "Milicevic, Miodrag"]
[Black "Benderac, Ana"]
[Result "0-1"]
[WhiteElo "2243"]
[BlackElo "2328"]
[PlyCount "90"]
[EventDate "2007.12.10"]

1. d4 e6 2. c4 Nf6 3. Nc3 Bb4 4. e3 O-O 5. Bd3 c5 6. Nge2 Nc6 7. O-O h6 8. a3
Bxc3 9. bxc3 d6 10. f4 e5 11. fxe5 dxe5 12. d5 e4 13. Bb1 Ne5 14. Ng3 Nxc4 15.
Rxf6 gxf6 16. Nxe4 f5 17. Ng3 Nd6 18. e4 Nxe4 19. Bxh6 Re8 20. Bxe4 fxe4 21.
Qh5 Qf6 22. Bg5 Qg6 23. Qh4 f5 24. Nh5 Rf8 25. Nf4 Qh7 26. Bh6 Bd7 27. Qg5+ Kf7
28. Bxf8 Rxf8 29. Qg3 Rg8 30. Qe3 Qh6 31. Rf1 b6 32. Qd2 Rh8 33. h3 Qd6 34. Qf2
Qe5 35. Qe3 Rg8 36. Kh1 Qg7 37. Kh2 Qg5 38. g3 Qf6 39. h4 Qd6 40. Qe2 Rg4 41.
Qa6 Qb8 42. Rf2 Ke7 43. a4 Bc8 44. Qc4 Qd6 45. Rd2 Rxf4 0-1

[Event "2007. Central Serbia champions"]
[Site "Vrnjacka Banja"]
[Date "2007.12.13"]
[Round "5.19"]
[White "Vasic, Vladimir"]
[Black "Marcetic, Predrag"]
[Result "1/2-1/2"]
[WhiteElo "2185"]
[BlackElo "2219"]
[PlyCount "21"]
[EventDate "2007.12.10"]

1. e4 e5 2. Nf3 Nc6 3. Bb5 a6 4. Bxc6 dxc6 5. d4 exd4 6. Qxd4 Qxd4 7. Nxd4 Bd7
8. Nc3 O-O-O 9. Be3 Bb4 10. Nde2 Re8 11. O-O-O 1/2-1/2

[Event "2007. Central Serbia champions"]
[Site "Vrnjacka Banja"]
[Date "2007.12.13"]
[Round "5.20"]
[White "Draskovic, Dragan"]
[Black "Sredojevic, Ivan"]
[Result "0-1"]
[WhiteElo "2154"]
[BlackElo "2357"]
[PlyCount "82"]
[EventDate "2007.12.10"]

1. d4 Nf6 2. c4 c5 3. d5 b5 4. Nf3 d6 5. Qc2 bxc4 6. e4 g6 7. Bxc4 Bg7 8. O-O
O-O 9. Nc3 Ba6 10. Bxa6 Nxa6 11. a3 Nd7 12. Bf4 Rb8 13. Rfe1 Qc7 14. b3 Rb7 15.
Rab1 Rfb8 16. Na4 Nb6 17. Nxb6 Rxb6 18. e5 Qb7 19. exd6 exd6 20. Qc4 Nc7 21.
Red1 Nb5 22. Rbc1 Bb2 23. Bh6 Bxc1 24. Qxc1 Nd4 25. Nxd4 cxd4 26. Qc4 Rxb3 27.
Qxd4 f6 28. h4 Qe7 29. Qa1 Qe5 30. Qc1 Qf5 31. Qc7 R3b7 32. Qxd6 Qh5 33. Qe6+
Rf7 34. Rd4 Qxh6 35. d6 Rd8 36. d7 Qc1+ 37. Kh2 Qc7+ 38. g3 Rdxd7 39. Qe8+ Kg7
40. Rf4 Rfe7 41. Qa8 Qb7 0-1

[Event "2007. Central Serbia champions"]
[Site "Vrnjacka Banja"]
[Date "2007.12.13"]
[Round "5.21"]
[White "Mrsevic, Miroslav"]
[Black "Dodic, Dragan"]
[Result "1-0"]
[WhiteElo "2313"]
[BlackElo "2162"]
[PlyCount "120"]
[EventDate "2007.12.10"]

1. f4 d5 2. Nf3 c5 3. g3 Nc6 4. Bg2 Bg4 5. d3 e6 6. c3 Nf6 7. Nbd2 Be7 8. Ne5
Nxe5 9. fxe5 Nd7 10. Qa4 Bh5 11. c4 dxc4 12. Nxc4 Qc7 13. g4 Bg6 14. O-O O-O
15. Bf4 a6 16. Qa5 b6 17. Qe1 Rab8 18. a4 Rbd8 19. Qg3 Nb8 20. Qf3 Rd5 21. Ne3
Rd7 22. Qa8 h6 23. Nc4 b5 24. axb5 axb5 25. Nd6 c4 26. d4 Bxd6 27. exd6 Qb6 28.
e3 Bd3 29. Rfc1 b4 30. Ra5 Rxd6 31. Bxd6 Qxd6 32. Ra4 b3 33. Qb7 Qd8 34. Ra8
Qg5 35. Re1 Nd7 36. Rxf8+ Nxf8 37. h3 Ng6 38. Qb8+ Kh7 39. Qb7 Qh4 40. Ra1 Qg3
41. Qxf7 Qxe3+ 42. Kh1 Nh4 43. Ra8 Nxg2 44. Qg8+ Kg6 45. Rf8 Qxh3+ 46. Kg1 Qe3+
47. Kxg2 Be4+ 48. Kf1 Bd3+ 49. Kg2 Qe4+ 50. Kg3 Qe3+ 51. Kg2 Qxd4 52. Qf7+ Kh7
53. Qg8+ Kg6 54. Qxe6+ Kh7 55. Qe8 Qxb2+ 56. Kg3 g6 57. Qe7+ Qg7 58. Rf7 Qxf7
59. Qxf7+ Kh8 60. Kf4 g5+ 1-0

[Event "2007. Central Serbia champions"]
[Site "Vrnjacka Banja"]
[Date "2007.12.13"]
[Round "5.22"]
[White "Manojlovic, Selimir"]
[Black "Dorontic, Zoran"]
[Result "1-0"]
[WhiteElo "2110"]
[BlackElo "2167"]
[PlyCount "49"]
[EventDate "2007.12.10"]

1. e4 c5 2. Nf3 d6 3. d4 cxd4 4. Nxd4 Nf6 5. Nc3 a6 6. Be2 e5 7. Nb3 Be6 8. f4
exf4 9. Bxf4 Nc6 10. Nd4 Bd7 11. Qd2 Be7 12. h3 O-O 13. O-O-O Rc8 14. Nxc6 Bxc6
15. Bf3 Ne8 16. Qe3 Qa5 17. Kb1 Qb4 18. a3 Qa5 19. Nd5 Bxd5 20. Rxd5 Qa4 21.
Qd3 Qc6 22. e5 dxe5 23. Bxe5 Nf6 24. Bxf6 Bxf6 25. Rh5 1-0

[Event "2007. Central Serbia champions"]
[Site "Vrnjacka Banja"]
[Date "2007.12.13"]
[Round "5.23"]
[White "Pantic, Ivica"]
[Black "Karaklajic, Milutin"]
[Result "0-1"]
[WhiteElo "2192"]
[BlackElo "2099"]
[PlyCount "118"]
[EventDate "2007.12.10"]

1. d4 e6 2. c4 f5 3. a3 Nf6 4. Nc3 c6 5. d5 d6 6. g3 cxd5 7. cxd5 e5 8. Bg2 Be7
9. Nf3 O-O 10. O-O Nbd7 11. a4 Nh5 12. e3 g6 13. Ne1 b6 14. f4 Ba6 15. Nb5 e4
16. Nc2 Bf6 17. Nb4 Nc5 18. Rf2 Qd7 19. Bf1 Bb7 20. Ra3 Rfc8 21. Nc6 a6 22. Nc3
Bxc3 23. Rxc3 a5 24. Bb5 Qf7 25. Qd4 Ba6 26. Bxa6 Rxa6 27. b3 Raa8 28. Bb2 Ng7
29. Rfc2 h6 30. h4 Kh7 31. Ba3 Nh5 32. Kg2 g5 33. hxg5 hxg5 34. Rc1 gxf4 35.
exf4 Nd3 36. Rh1 Rg8 37. Rxd3 exd3 38. Rh3 Rg7 39. Qxd3 Rag8 40. Kf2 Rxg3 41.
Rxg3 Rxg3 42. Qe2 Nxf4 43. Qe7 Qxe7 44. Nxe7 Rxb3 45. Bxd6 Nd3+ 46. Ke2 f4 47.
Bc7 Kg7 48. Nf5+ Kf6 49. Nd4 Nc1+ 50. Kf2 Rb4 51. Nc6 Rb3 52. Bd8+ Kf7 53. Nd4
Rb4 54. Nc6 Rb2+ 55. Kf3 Nd3 56. Bc7 Ke8 57. Nb8 Rb4 58. Nc6 Rb3 59. d6 Ne5+
0-1

[Event "2007. Central Serbia champions"]
[Site "Vrnjacka Banja"]
[Date "2007.12.13"]
[Round "5.24"]
[White "Filipovic, Tomislav"]
[Black "Radenkovic, Dragan"]
[Result "1/2-1/2"]
[WhiteElo "2010"]
[BlackElo "2188"]
[PlyCount "43"]
[EventDate "2007.12.10"]

1. Nf3 d5 2. d4 Nf6 3. c4 e6 4. Bg5 Be7 5. Nc3 c6 6. e3 Nbd7 7. Bd3 O-O 8. O-O
Re8 9. Qc2 dxc4 10. Bxc4 h6 11. Bh4 Nd5 12. Bxe7 Qxe7 13. Nxd5 exd5 14. Bd3 Nf6
15. h3 Be6 16. Ne5 Nd7 17. Nxd7 Qxd7 18. Kh2 Rac8 19. Qd2 Re7 20. Rfe1 Rce8 21.
Bb1 Bf5 22. Bxf5 1/2-1/2

[Event "2007. Central Serbia champions"]
[Site "Vrnjacka Banja"]
[Date "2007.12.13"]
[Round "5.25"]
[White "Boskovic, Maksimilijan"]
[Black "Tasic, Zoran"]
[Result "0-1"]
[WhiteElo "1850"]
[BlackElo "2178"]
[PlyCount "120"]
[EventDate "2007.12.10"]

1. e4 e6 2. d4 d5 3. exd5 exd5 4. Bd3 c5 5. dxc5 Bxc5 6. Nf3 Nf6 7. O-O O-O 8.
Bg5 Be6 9. Nc3 Nbd7 10. Qd2 a6 11. a3 b5 12. b4 Bd6 13. Ne2 Qc7 14. Ned4 Bg4
15. h3 Bh5 16. Rfe1 Rfe8 17. c3 Ne4 18. Bxe4 dxe4 19. Nh4 f6 20. Be3 Nb6 21.
Nhf5 Nc4 22. Qa2 Bh2+ 23. Kh1 Bf7 24. Qe2 Be5 25. Rec1 Nd6 26. Qg4 Bg6 27. Ra2
Qc4 28. Rac2 Qd5 29. Rd1 Nc4 30. Nxg7 Red8 31. Ngf5 Qd7 32. Rcc1 Bxd4 33. Nxd4
Qxg4 34. hxg4 Nxa3 35. Ne6 Rd3 36. Bd4 a5 37. Nc5 a4 38. Nxd3 exd3 39. f4 Be4
40. Bxf6 Nc4 41. Ra1 Kf7 42. Be5 Ke6 43. Re1 Kd5 44. Bd4 d2 45. Red1 Bc2 46.
Rf1 a3 47. f5 a2 48. f6 d1=Q 49. Rfxd1 Bxd1 50. Rxd1 a1=Q 51. Rxa1 Rxa1+ 52.
Kh2 Ke6 53. g5 Rf1 54. Kg3 Kf7 55. Kh4 Kg6 56. g4 Rf3 57. f7 Kxf7 58. Bh8 Kg6
59. Bd4 Ne3 60. Bxe3 Rxe3 0-1

[Event "2007. Central Serbia champions"]
[Site "Vrnjacka Banja"]
[Date "2007.12.13"]
[Round "5.26"]
[White "Jokic, Miodrag"]
[Black "Simic, Vladica"]
[Result "0-1"]
[WhiteElo "2174"]
[BlackElo "2082"]
[PlyCount "88"]
[EventDate "2007.12.10"]

1. d4 d5 2. c4 dxc4 3. e3 Nf6 4. Bxc4 Bg4 5. Qb3 e6 6. Qxb7 Nbd7 7. Nc3 Be7 8.
Be2 Bf5 9. Bf3 Rb8 10. Qxa7 O-O 11. e4 Bg6 12. Nge2 c5 13. e5 cxd4 14. exf6 Bc5
15. Qa4 dxc3 16. fxg7 Re8 17. bxc3 Nb6 18. Qg4 Qf6 19. O-O Nd7 20. Bg5 Qxg7 21.
Qh4 Ne5 22. Bf6 Nxf3+ 23. gxf3 Qf8 24. Nd4 Rbc8 25. Rfd1 Be7 26. Nb5 Rc5 27. a4
Rh5 28. Bxe7 Rxe7 29. Qg3 Qh6 30. Rd8+ Kg7 31. Qb8 Rg5+ 32. Kh1 Qh3 33. Rg8+
Kh6 34. Qg3 Rxg3 35. fxg3 Bh5 36. Nd4 e5 37. g4 Bxg4 38. Rxg4 exd4 39. Rg3 Qd7
40. cxd4 Qxd4 41. Rag1 Re5 42. Rg4 Qf2 43. Rf4 f5 44. h3 Re2 0-1